| 000 | 00575nam a2200205Ia 4500 | ||
|---|---|---|---|
| 003 | GCL | ||
| 008 | 140319s9999 xx 000 0 ara d | ||
| 020 | _a4363148977 | ||
| 040 |
_aGCL / _cGCL |
||
| 082 | 0 | 4 |
_a814.008 _bا خ |
| 100 | 1 | _aانيس منصور | |
| 245 | 1 | 0 |
_aالخبز والقبلات / _cانيس منصور |
| 250 | _aالسابعة | ||
| 260 |
_aالقاهرة : _bدار الشروق ، _c1989 |
||
| 300 |
_a297 ص ؛ _c20 سم |
||
| 490 | _a | ||
| 650 | 0 | 4 | _aالادب العربى |
| 650 | 0 | 4 | _aالمقالات العربية |
| 942 |
_2ddc _cBK |
||
| 999 |
_c56195 _d56195 |
||